Metodología de la mediación en el P.E.I
Guardat en:
| Autors principals: | , , |
|---|---|
| Format: | Llibre |
| Idioma: | espanyol |
| Publicat: |
Madrid
Bruño
1991
|
| Edició: | 1a. ed |
| Col·lecció: | Colección Nueva Escuela, 18
|
| Matèries: | |
| Etiquetes: |
Afegir etiqueta
Sense etiquetes, Sigues el primer a etiquetar aquest registre!
|
MARC
| LEADER | 00000nam a2200000 a 4500 | ||
|---|---|---|---|
| 001 | UCW6853 | ||
| 003 | CL-VaPUC | ||
| 008 | 920612e19910000SP |||||||||||||||||spa|d | ||
| 020 | |a 8421613583 | ||
| 082 | 0 | 4 | |a 371.92 |b MAR |2 21 |
| 100 | |a Martínez Beltrán, José María |e autor |9 487515 | ||
| 700 | 0 | |a Brunet Gutíerrez, Juan José |e author |9 311935 | |
| 700 | 0 | |a Farrés Vilaró, Ramón |e author |9 311936 | |
| 245 | 1 | 0 | |a Metodología de la mediación en el P.E.I |
| 246 | 1 | 0 | |a Orientaciones y recursos para el mediador |
| 250 | |a 1a. ed | ||
| 300 | |a 319 p | ||
| 942 | |c BK | ||
| 945 | |d 19920612 00:00:00 | ||
| 260 | |a Madrid |b Bruño |c 1991 | ||
| 650 | 0 | |a Educación especial |9 307486 | |
| 650 | 0 | |a Cognición |9 270347 | |
| 650 | 0 | |a Niños de aprendizaje lento |9 307489 | |
| 583 | |a last modification |c 19920612 00:00:00 |k Rodrigo Vera | ||
| 490 | 0 | |a Colección Nueva Escuela, 18 | |
| 999 | |c 219773 |d 219771 | ||
| 952 | |0 0 |1 0 |4 0 |6 371_920000000000000_MAR_1991 |7 0 |8 R |9 211091 |a BIBEDU |b BIBEDU |d 2019-11-15 |i 279344K |o 371.92 MAR 1991 |p 279344K |r 2023-01-13 |w 2019-11-15 |y BK_R |k EDU | ||
| 952 | |0 0 |1 0 |4 0 |6 371_920000000000000_MAR_1991 |7 0 |8 R |9 211092 |a BIBEDU |b BIBEDU |d 2019-11-15 |i 2793458 |o 371.92 MAR 1991 |p 2793458 |r 2023-01-13 |w 2019-11-15 |y BK_R |k EDU | ||
| 952 | |0 0 |1 0 |4 0 |6 371_920000000000000_MAR_1991 |7 0 |8 R |9 211093 |a BIBEDU |b BIBEDU |d 2019-11-15 |i 2793482 |o 371.92 MAR 1991 |p 2793482 |r 2023-01-13 |w 2019-11-15 |y BK_R |k EDU | ||
| 952 | |0 0 |1 0 |4 0 |6 371_920000000000000_MAR_1991 |7 0 |8 R |9 211094 |a BIBEDU |b BIBEDU |c MCIRC |d 2019-11-15 |i 2940345 |o 371.92 MAR 1991 |p 2940345 |r 2023-01-13 |w 2019-11-15 |y BK_R |k LIT | ||
| 952 | |0 0 |1 0 |4 0 |6 371_920000000000000_MAR_1991 |7 0 |8 R |9 211095 |a BIBEDU |b BIBEDU |c MCIRC |d 2019-11-15 |i 4594304 |l 1 |o 371.92 MAR 1991 |p 4594304 |r 2023-01-13 |s 2022-06-28 |w 2019-11-15 |y BK_R |k BME | ||